[Event "Bled ol"]
[Site "?"]
[Date "2002.11.27"]
[Round "2"]
[White "Spraggett, Kevin"]
[Black "Mikhalchishin, Adrian"]
[Result "1/2-1/2"]
[WhiteElo "2533"]
[BlackElo "2542"]
[PlyCount "83"]
[EventDate "2002.??.??"]
[Source "CFC"]
[SourceDate "2003.04.??"]

1. e4 e5 2. Nf3 Nc6 3. Bb5 a6 4. Ba4 Nf6 5. O-O b5 6. Bb3 Bb7 7. c3 Nxe4 8. d4
Be7 9. Qe2 d5 10. dxe5 Qd7 11. Rd1 Nd8 12. Nbd2 Nxd2 13. Bxd2 c5 14. Be3 Ne6
15. Rd2 O-O 16. Rad1 Rad8 17. h3 Qc7 18. a3 d4 19. cxd4 Bxf3 20. Qxf3 cxd4 21.
Bf4 Nxf4 22. Qxf4 Bc5 23. Qg3 Kh8 24. Rd3 f6 25. e6 Qxg3 26. Rxg3 g6 27. Rgd3
Rc8 28. a4 Kg7 29. axb5 axb5 30. Kf1 Rc7 31. Rc1 Rfc8 32. Ke2 f5 33. Rdd1 Kf6
34. Kd3 Bb6 35. Rxc7 Rxc7 36. Ra1 Ra7 37. Re1 h5 38. h4 Rc7 39. f4 Ke7 40. g3
Bc5 41. Ra1 Ra7 42. Rc1 1/2-1/2

[Event "Bled ol"]
[Site "?"]
[Date "2002.??.??"]
[Round "5"]
[White "Bluvshtein, Mark"]
[Black "Matsuura, Everaldo"]
[Result "1/2-1/2"]
[WhiteElo "2449"]
[BlackElo "2453"]
[PlyCount "87"]
[EventDate "2002.??.??"]
[Source "CFC"]
[SourceDate "2003.04.??"]

1. e4 e5 2. Nf3 Nc6 3. Bb5 a6 4. Ba4 Nf6 5. O-O Be7 6. Re1 b5 7. Bb3 O-O 8. c3
d6 9. h3 Na5 10. Bc2 c5 11. d4 Qc7 12. Nbd2 cxd4 13. cxd4 Bb7 14. d5 Rac8 15.
Bb1 Nh5 16. Nf1 Nf4 17. Ne3 Qxc1 18. Qxc1 Rxc1 19. Rxc1 Ne2+ 20. Kf1 Nxc1 21.
Bc2 Nxa2 22. Rxa2 Nc4 23. Nxc4 bxc4 24. Ra4 Rc8 25. Rb4 Rc7 26. Nd2 a5 27. Rb6
f5 28. Ba4 fxe4 29. Bc6 Bxc6 30. Rxc6 Rb7 31. Nxc4 Rb5 32. Nxd6 Bxd6 33. Rxd6
Rxb2 34. Ra6 Rb5 35. d6 Rd5 36. d7 Rxd7 37. Rxa5 e3 38. fxe3 Re7 39. Kf2 Kf7
40. Kf3 Kf6 41. Ra6+ Re6 42. Ra7 Rb6 43. Ra5 e4+ 44. Kxe4 1/2-1/2

[Event "Bled ol"]
[Site "?"]
[Date "2002.??.??"]
[Round "6"]
[White "Spraggett, Kevin"]
[Black "Halkias, Stelios"]
[Result "1/2-1/2"]
[WhiteElo "2533"]
[BlackElo "2528"]
[PlyCount "82"]
[EventDate "2002.??.??"]
[Source "CFC"]
[SourceDate "2003.04.??"]

1. e4 c5 2. Nf3 Nc6 3. d4 cxd4 4. Nxd4 Nf6 5. Nc3 e5 6. Ndb5 d6 7. Bg5 a6 8.
Na3 b5 9. Nd5 Be7 10. Bxf6 Bxf6 11. c3 Ne7 12. Nxf6+ gxf6 13. Nc2 Bb7 14. Bd3
d5 15. f3 f5 16. exf5 Qb6 17. Qe2 O-O-O 18. O-O-O f6 19. g4 Rhe8 20. Rhe1 Kb8
21. h3 Nc6 22. Kb1 Ka7 23. Qe3 Qxe3 24. Rxe3 d4 25. cxd4 Nxd4 26. Nxd4 Rxd4 27.
Be2 Red8 28. Kc2 Kb6 29. Rxd4 Rxd4 30. a3 a5 31. Rd3 Kc5 32. Rc3+ Kb6 33. Re3
b4 34. axb4 axb4 35. Bd3 Rf4 36. Be4 Bxe4+ 37. Rxe4 Rxf3 38. Rxb4+ Kc5 39. Rb3
Rf2+ 40. Kd3 Rf3+ 41. Kc2 Rf2+ 1/2-1/2

[Event "Bled ol"]
[Site "?"]
[Date "2002.??.??"]
[Round "7"]
[White "Bluvshtein, Mark"]
[Black "Munoz Sanchez, Miguel"]
[Result "0-1"]
[WhiteElo "2449"]
[BlackElo "2305"]
[PlyCount "74"]
[EventDate "2002.??.??"]
[Source "CFC"]
[SourceDate "2003.04.??"]

1. e4 e6 2. d4 d5 3. Nc3 dxe4 4. Nxe4 Bd7 5. Nf3 Bc6 6. Bd3 Nd7 7. O-O Be7 8.
Qe2 Ngf6 9. Ng3 O-O 10. Rd1 Bxf3 11. Qxf3 c6 12. c3 a5 13. Bg5 a4 14. a3 Nd5
15. Qe4 g6 16. Bh6 Re8 17. c4 N5f6 18. Qf3 Qb6 19. c5 Qc7 20. Re1 Bf8 21. Bf4
Qd8 22. Bg5 h6 23. Bf4 Bg7 24. Rad1 Nd5 25. Ne4 Nxf4 26. Qxf4 Nf6 27. Nd6 Re7
28. Qf3 Rd7 29. Bc4 Rxd6 30. cxd6 Qxd6 31. g3 Ra5 32. Kg2 h5 33. Qc3 Rf5 34.
Bd3 Qd5+ 35. Kg1 Rxf2 36. Bf1 Ng4 37. Re2 Rxf1+ 0-1

[Event "Bled ol"]
[Site "?"]
[Date "2002.??.??"]
[Round "7"]
[White "Spraggett, Kevin"]
[Black "Matamoros Franco, Carlos S"]
[Result "1/2-1/2"]
[WhiteElo "2533"]
[BlackElo "2459"]
[PlyCount "85"]
[EventDate "2002.??.??"]
[Source "CFC"]
[SourceDate "2003.04.??"]

1. e4 e6 2. d4 d5 3. Nc3 Bb4 4. e5 c5 5. a3 Bxc3+ 6. bxc3 Ne7 7. Nf3 Bd7 8. h4
Qa5 9. Bd2 Nbc6 10. h5 O-O-O 11. h6 gxh6 12. Rxh6 Ng8 13. Rh4 f6 14. Bd3 fxe5
15. Nxe5 Nxe5 16. dxe5 Ne7 17. Qg4 Rdg8 18. Qh3 Ng6 19. Rxh7 Rxh7 20. Qxh7 Rh8
21. Qxg6 Rh1+ 22. Bf1 Qb5 23. c4 Qb2 24. Rd1 Qxe5+ 25. Be3 Qc3+ 26. Ke2 Qxc4+
27. Kf3 Rxf1 28. Rxf1 Qxf1 29. Qg8+ Kc7 30. Bf4+ Kc6 31. Qb8 e5 32. Qxe5 Qd1+
33. Kg3 Kb5 34. f3 Qxc2 35. Qxd5 Bc6 36. Qe5 Qd3 37. a4+ Kb4 38. a5 Kb5 39. Be3
Qg6+ 40. Kf2 Qc2+ 41. Kg3 Qg6+ 42. Kh2 Qh7+ 43. Kg3 1/2-1/2

[Event "Bled ol"]
[Site "?"]
[Date "2002.??.??"]
[Round "8"]
[White "Karkanage, Ilir"]
[Black "Spraggett, Kevin"]
[Result "1/2-1/2"]
[WhiteElo "2375"]
[BlackElo "2533"]
[PlyCount "64"]
[EventDate "2002.??.??"]
[Source "CFC"]
[SourceDate "2003.04.??"]

1. Nf3 Nf6 2. c4 d6 3. d4 Nbd7 4. Nc3 c6 5. e4 e5 6. Be2 Be7 7. O-O O-O 8. Qc2
a6 9. Rd1 Qc7 10. Rb1 Re8 11. b4 exd4 12. Nxd4 Ne5 13. f3 h6 14. Bf1 Bf8 15.
Kh1 Bd7 16. a4 Rad8 17. Bf4 Bc8 18. a5 g6 19. Na4 Qe7 20. Nb6 Nfd7 21. Nxd7
Bxd7 22. b5 axb5 23. cxb5 c5 24. Ne2 Ra8 25. Bd2 d5 26. Nf4 d4 27. Nd5 Qd6 28.
Nb6 Rad8 29. Bf4 Qf6 30. Nd5 Qd6 31. Nb6 Qf6 32. Nd5 Qd6 1/2-1/2

[Event "Bled ol"]
[Site "?"]
[Date "2002.??.??"]
[Round "9"]
[White "Spraggett, Kevin"]
[Black "Lim, Yee-Weng"]
[Result "1-0"]
[WhiteElo "2533"]
[BlackElo "2202"]
[PlyCount "86"]
[EventDate "2002.??.??"]
[Source "CFC"]
[SourceDate "2003.04.??"]

1. e4 c5 2. Nf3 d6 3. d4 cxd4 4. Nxd4 Nf6 5. Nc3 g6 6. Bc4 Bg7 7. O-O Nc6 8.
Nb3 O-O 9. Re1 a6 10. Bf1 b5 11. Nd5 e6 12. Nxf6+ Bxf6 13. c3 b4 14. cxb4 Nxb4
15. a3 Nc6 16. Bh6 Re8 17. Rc1 Bb7 18. Re2 Na5 19. Nd4 e5 20. Nf3 d5 21. Rd2 d4
22. Bd3 Rc8 23. Rxc8 Qxc8 24. b4 Nc6 25. Qe2 Ne7 26. Rc2 Qa8 27. Bg5 Bxg5 28.
Nxg5 h6 29. Nf3 Nc8 30. Rc5 Nd6 31. Rxe5 Rxe5 32. Nxe5 Nxe4 33. f3 Nc3 34. Qf2
Qd8 35. Bc4 Kg7 36. h3 f6 37. Nd3 Qd6 38. Nc5 Bc8 39. Qe1 Kf8 40. Qd2 Kg7 41.
Qe1 Kf8 42. Be6 Bxe6 43. Qxe6 Qe5 1-0

[Event "Bled ol"]
[Site "?"]
[Date "2002.??.??"]
[Round "10"]
[White "Bluvshtein, Mark"]
[Black "Ibrahimov, Rasul"]
[Result "1-0"]
[WhiteElo "2449"]
[BlackElo "2466"]
[PlyCount "95"]
[EventDate "2002.??.??"]
[Source "CFC"]
[SourceDate "2003.04.??"]

1. e4 c5 2. Nf3 e6 3. d4 cxd4 4. Nxd4 a6 5. Bd3 Nf6 6. O-O d6 7. Bg5 Be7 8. Qe2
O-O 9. Nd2 Bd7 10. Kh1 Nc6 11. N4b3 h6 12. Bh4 e5 13. Nc4 Be6 14. Ne3 Nd7 15.
Bxe7 Nxe7 16. Bc4 Nf6 17. f3 Rc8 18. Rfd1 Qc7 19. Bxe6 fxe6 20. c4 a5 21. Qd2
a4 22. Nc1 Rfd8 23. Ne2 a3 24. b3 Nc6 25. Rac1 Qb6 26. Nc2 d5 27. exd5 exd5 28.
Nxa3 e4 29. cxd5 Rxd5 30. Qf4 Rxd1+ 31. Rxd1 Qa6 32. Nc4 Qxa2 33. Qe3 exf3 34.
Qe6+ Kh7 35. Qf5+ g6 36. Qxf6 fxg2+ 37. Kg1 Rc7 38. Nf4 Qc2 39. Rd2 Qb1+ 40.
Kxg2 Qe4+ 41. Kf2 g5 42. Ne2 Re7 43. Ng3 Qb1 44. Ne5 Qxb3 45. Qg6+ Kh8 46.
Qxh6+ Kg8 47. Qxg5+ Rg7 48. Qf4 1-0

[Event "Bled ol"]
[Site "?"]
[Date "2002.??.??"]
[Round "11"]
[White "Bologan, Viktor"]
[Black "Lesiege, Alexandre"]
[Result "1/2-1/2"]
[WhiteElo "2627"]
[BlackElo "2531"]
[PlyCount "124"]
[EventDate "2002.??.??"]
[Source "CFC"]
[SourceDate "2003.04.??"]

1. e4 c5 2. Nf3 d6 3. d4 cxd4 4. Nxd4 Nf6 5. Nc3 a6 6. Be3 e6 7. f3 b5 8. g4 h6
9. Qd2 Nbd7 10. O-O-O Bb7 11. h4 b4 12. Na4 Qa5 13. b3 Nc5 14. a3 Rc8 15. axb4
Nxb3+ 16. Nxb3 Qxa4 17. Kb2 d5 18. c3 Bd6 19. Ra1 Qd7 20. Bxa6 Bxa6 21. Rxa6
Be5 22. Rc1 Qb7 23. Rb6 Qc7 24. Rb5 O-O 25. g5 Qc4 26. Rb7 hxg5 27. hxg5 Rb8
28. Na5 Qa6 29. gxf6 Bxf6 30. Bc5 Rxb7 31. Nxb7 Rb8 32. Qh2 Rxb7 33. e5 Bg5 34.
Ra1 Qb5 35. Bd6 Qe8 36. Kb3 f5 37. Qe2 Kh7 38. Qa6 Qc8 39. Ra5 Be3 40. Qe2 Bh6
41. Qd3 Bg5 42. Bc5 Bf4 43. Bd4 Rc7 44. Qa6 Qe8 45. Qb6 Rc6 46. Qb7 Rc4 47. Rc5
Rxd4 48. cxd4 Qh5 49. Rc3 Qh1 50. Qc6 Bd2 51. Rc2 Qb1+ 52. Rb2 Qd3+ 53. Ka2
Qxd4 54. Qc5 Qd3 55. b5 Bf4 56. b6 Qa6+ 57. Qa3 Qc4+ 58. Rb3 Qe2+ 59. Qb2 Qa6+
60. Kb1 Qf1+ 61. Kc2 Qe2+ 62. Kb1 Qf1+ 1/2-1/2

[Event "Bled ol"]
[Site "?"]
[Date "2002.??.??"]
[Round "11"]
[White "Svetushkin, Dmitry"]
[Black "Teplitsky, Yan"]
[Result "0-1"]
[WhiteElo "2505"]
[BlackElo "2455"]
[PlyCount "120"]
[EventDate "2002.??.??"]
[Source "CFC"]
[SourceDate "2003.04.??"]

1. d4 Nf6 2. c4 e6 3. Nf3 b6 4. e3 Bb7 5. Bd3 g6 6. O-O Bg7 7. Nc3 d6 8. e4
Nbd7 9. Re1 O-O 10. h3 Nh5 11. Bg5 Bf6 12. Bh6 Bg7 13. Be3 c5 14. d5 exd5 15.
cxd5 a6 16. a4 Ne5 17. Nxe5 Bxe5 18. Qd2 Re8 19. g4 Nf6 20. Ne2 c4 21. Bc2 Qc8
22. Bd4 h5 23. f4 Bxd4+ 24. Qxd4 Qc5 25. Qxc5 bxc5 26. Nc3 hxg4 27. hxg4 Nxg4
28. a5 Nf6 29. Rad1 Nh5 30. e5 Nxf4 31. exd6 Rxe1+ 32. Rxe1 Rd8 33. Re7 Bxd5
34. d7 Kf8 35. Nxd5 Nxd5 36. Re4 Rxd7 37. Ba4 Rc7 38. Rxc4 Ke7 39. Re4+ Kd6 40.
Re8 Nb4 41. Rb8 Ke5 42. Kf2 Kf4 43. Bb3 Nc6 44. Rf8 f5 45. Bc4 Rb7 46. Bxa6
Rxb2+ 47. Ke1 Nxa5 48. Rc8 Rb6 49. Be2 Nb3 50. Bc4 g5 51. Rf8 g4 52. Ke2 Nd4+
53. Kd3 Nf3 54. Bd5 Ne5+ 55. Kc3 g3 56. Rc8 Rd6 57. Bb7 c4 58. Rf8 Rd3+ 59. Kc2
Nf3 60. Rg8 g2 0-1

[Event "Bled ol"]
[Site "?"]
[Date "2002.??.??"]
[Round "12"]
[White "Bluvshtein, Mark"]
[Black "Miton, Kamil"]
[Result "1-0"]
[WhiteElo "2449"]
[BlackElo "2564"]
[PlyCount "65"]
[EventDate "2002.??.??"]
[Source "CFC"]
[SourceDate "2003.04.??"]

1. e4 c5 2. Nf3 Nc6 3. d4 cxd4 4. Nxd4 e5 5. Nb5 d6 6. N1c3 a6 7. Na3 b5 8. Nd5
Nge7 9. c4 Nd4 10. Be3 Nxd5 11. cxd5 f5 12. Bd3 fxe4 13. Bxe4 Nf5 14. Qd3 Nxe3
15. Qxe3 Qa5+ 16. Ke2 Be7 17. Qd3 g6 18. h4 Rf8 19. h5 gxh5 20. Nc2 h4 21. Bxh7
Bd7 22. a3 Qb6 23. Ne3 Rc8 24. Rac1 Rc4 25. f3 Rxc1 26. Rxc1 Qd4 27. Qc2 Qb6
28. Bf5 Bg5 29. Bxd7+ Kd8 30. Qc8+ Ke7 31. Nf5+ Rxf5 32. Qe8+ Kf6 33. Qf8+ 1-0

[Event "Bled ol"]
[Site "?"]
[Date "2002.??.??"]
[Round "12"]
[White "Markowski, Tomasz"]
[Black "Hebert, Jean"]
[Result "1-0"]
[WhiteElo "2549"]
[BlackElo "2425"]
[PlyCount "100"]
[EventDate "2002.??.??"]
[Source "CFC"]
[SourceDate "2003.04.??"]

1. g3 d5 2. Nf3 Nf6 3. Bg2 c6 4. O-O Bg4 5. d3 Nbd7 6. c4 dxc4 7. dxc4 e5 8.
Nc3 Bc5 9. Na4 Be7 10. Be3 O-O 11. Qc2 Bh5 12. h3 Bg6 13. Qb3 Qc7 14. Nh4 Be4
15. Bxe4 Nxe4 16. Nf5 Rfe8 17. Nxe7+ Rxe7 18. Rad1 b6 19. Nc3 Ndc5 20. Qc2 Nxc3
21. Qxc3 Ne6 22. c5 Rae8 23. Rfe1 bxc5 24. Bxc5 Rd7 25. Be3 f6 26. Rc1 Rc8 27.
Qb3 Kf7 28. Rc4 Qa5 29. Rec1 Qa6 30. a4 g6 31. Qa2 Kg7 32. b4 Rcc7 33. Qc2 Qb7
34. Qe4 Nd8 35. Kh2 c5 36. Qxb7 Nxb7 37. Kg2 Kf7 38. Bxc5 Nxc5 39. Rxc5 Rxc5
40. Rxc5 h5 41. b5 g5 42. Kf3 Ke6 43. Rc6+ Kf5 44. g4+ hxg4+ 45. hxg4+ Kg6 46.
e3 Rd2 47. Rc7 a6 48. b6 Ra2 49. b7 e4+ 50. Kxe4 Rxa4+ 1-0

[Event "Bled ol"]
[Site "?"]
[Date "2002.??.??"]
[Round "13"]
[White "Bluvshtein, Mark"]
[Black "Gagunashvili, Merati"]
[Result "0-1"]
[WhiteElo "2449"]
[BlackElo "2538"]
[PlyCount "84"]
[EventDate "2002.??.??"]
[Source "CFC"]
[SourceDate "2003.04.??"]

1. e4 d6 2. d4 Nf6 3. Nc3 g6 4. Be3 c6 5. Qd2 b5 6. Bd3 Nbd7 7. Nf3 Qc7 8. h3
Bg7 9. Bh6 O-O 10. h4 e5 11. dxe5 Nxe5 12. h5 Bxh6 13. Qxh6 Neg4 14. Qd2 Re8
15. hxg6 fxg6 16. Qf4 Qe7 17. O-O Rf8 18. Rae1 Nh5 19. Qg5 Qxg5 20. Nxg5 Ne5
21. Re3 h6 22. Nh3 g5 23. Kh1 Be6 24. b3 Rf6 25. Ng1 Raf8 26. Nd1 Nf4 27. f3
Nh5 28. Rf2 g4 29. fxg4 Bxg4 30. Rxf6 Rxf6 31. Nc3 b4 32. Nce2 Rf2 33. Nd4 Nf4
34. Rg3 h5 35. Be2 Kf7 36. Bxg4 hxg4 37. Nf5 Ke6 38. Nd4+ Kd7 39. Re3 c5 40.
Nde2 Nxg2 41. Rg3 Ne1 42. c4 a5 0-1

[Event "Bled ol"]
[Site "?"]
[Date "2002.??.??"]
[Round "13"]
[White "Spraggett, Kevin"]
[Black "Sturua, Zurab"]
[Result "1/2-1/2"]
[WhiteElo "2533"]
[BlackElo "2536"]
[PlyCount "158"]
[EventDate "2002.??.??"]
[Source "CFC"]
[SourceDate "2003.04.??"]

1. e4 e5 2. Nf3 Nc6 3. Bb5 a6 4. Ba4 Nf6 5. O-O Be7 6. Re1 b5 7. Bb3 d6 8. c3
O-O 9. h3 Nb8 10. d4 Nbd7 11. Nbd2 Bb7 12. Bc2 Re8 13. Nf1 Bf8 14. Ng3 g6 15.
b3 Bg7 16. d5 Nb6 17. Rb1 c6 18. c4 Qc7 19. Bd3 Nbd7 20. Bd2 bxc4 21. bxc4 a5
22. Qc1 Nc5 23. Bf1 Reb8 24. Qa3 a4 25. Bg5 Nfd7 26. Nd2 Ba6 27. Be3 Bf8 28.
Rec1 Rc8 29. Ne2 Qd8 30. Nc3 Be7 31. Rd1 Bg5 32. Bxg5 Qxg5 33. dxc6 Rxc6 34.
Nd5 Qd8 35. Rb4 Nf6 36. Qe3 Kg7 37. Rdb1 Nfd7 38. Nc3 Bc8 39. Be2 Nf8 40. Nf3
Nfe6 41. Rd1 Bd7 42. Nb5 Qe7 43. Rb2 Be8 44. Rbd2 Raa6 45. g3 Rab6 46. h4 h5
47. Bf1 Ra6 48. Ne1 Nb7 49. Nc2 Rc5 50. Nb4 Bxb5 51. cxb5 Ra8 52. Nd5 Qd8 53.
Qa3 Nd4 54. Rxd4 exd4 55. Rxd4 Qa5 56. Qf3 Qd8 57. a3 Rc1 58. Qe3 Rb1 59. Rc4
Nc5 60. Qd4+ f6 61. b6 Rb8 62. Kg2 R8xb6 63. Nxb6 Qxb6 64. Rb4 Rxb4 65. axb4
Nd7 66. Qc3 Ne5 67. Be2 Ng4 68. Bxg4 hxg4 69. b5 Qxb5 70. Qc7+ Kg8 71. Qxd6 Kf7
72. Qc7+ Ke8 73. Qc8+ Ke7 74. Qxg4 a3 75. Qxg6 Qb2 76. Qg7+ Ke6 77. Qg8+ Ke7
78. Qg7+ Ke6 79. Qg8+ Ke7 1/2-1/2

[Event "Bled ol"]
[Site "?"]
[Date "2002.11.10"]
[Round "14"]
[White "Sulskis, Sarunas"]
[Black "Spraggett, Kevin"]
[Result "1-0"]
[WhiteElo "2576"]
[BlackElo "2533"]
[PlyCount "77"]
[EventDate "2002.??.??"]
[Source "CFC"]
[SourceDate "2003.04.??"]

1. e4 b6 2. d4 Bb7 3. Nd2 e6 4. Ngf3 g6 5. c3 Bg7 6. h4 h6 7. a4 a6 8. g3 d6 9.
Bg2 Nd7 10. O-O Ne7 11. Re1 Rb8 12. Nh2 b5 13. axb5 axb5 14. f4 c5 15. Nb3 cxd4
16. cxd4 h5 17. Bd2 O-O 18. Nf3 Nf6 19. Ng5 Ra8 20. Qe2 Rxa1 21. Rxa1 Bc6 22.
Bb4 Ng4 23. Bf3 Qd7 24. Rd1 Nf6 25. d5 exd5 26. e5 dxe5 27. fxe5 Ng4 28. e6
fxe6 29. Bxg4 hxg4 30. Nc5 Qd6 31. Qxe6+ Qxe6 32. Ncxe6 Re8 33. Nxg7 Kxg7 34.
Rc1 Ba8 35. Re1 Kf8 36. Rf1+ Kg8 37. Re1 Kf8 38. Ne6+ Kf7 39. Nc7 1-0

[Event "Bled ol f"]
[Site "?"]
[Date "2002.10.26"]
[Round "1"]
[White "Arakhamia Grant, Ketevan"]
[Black "Khaziyeva, Dinara"]
[Result "1-0"]
[WhiteElo "2413"]
[BlackElo "2102"]
[PlyCount "113"]
[EventDate "2002.??.??"]
[Source "CFC"]
[SourceDate "2003.04.??"]

1. e4 c6 2. d4 d5 3. Nd2 dxe4 4. Nxe4 Nf6 5. Nxf6+ exf6 6. Nf3 Bd6 7. Be2 O-O
8. O-O Bg4 9. h3 Bh5 10. Nh4 Bg6 11. Nxg6 hxg6 12. c4 Nd7 13. c5 Bc7 14. b4 f5
15. d5 cxd5 16. Qxd5 Qe7 17. Bg5 Qxg5 18. Qxd7 Rac8 19. Bc4 Qf6 20. Rfe1 Be5
21. Rad1 Rc7 22. Qa4 a6 23. Qb3 Re7 24. Re2 Rfe8 25. Rde1 Kf8 26. Qd3 Qh4 27.
Qd5 Qd4 28. Kf1 Qxd5 29. Bxd5 f6 30. Rb1 Bd4 31. Rxe7 Rxe7 32. a3 Ke8 33. c6 b6
34. a4 Be5 35. Bc4 Ra7 36. Rd1 a5 37. bxa5 bxa5 38. Rd5 Bc3 39. Ke2 Ke7 40. Kd3
Bb4 41. Bb5 Rc7 42. Kc4 f4 43. Kd3 g5 44. Ke4 g6 45. h4 gxh4 46. Kxf4 Ke6 47.
Rd8 g5+ 48. Ke4 Bc3 49. Re8+ Kf7 50. Rb8 Ke7 51. Kd5 Bb4 52. Rh8 Bc3 53. Kc5 f5
54. Rg8 Ra7 55. Rxg5 f4 56. Rh5 Be1 57. Re5+ 1-0

[Event "Bled ol f"]
[Site "?"]
[Date "2002.10.26"]
[Round "1"]
[White "Ioseliani, Nana"]
[Black "Starr, Nava"]
[Result "1-0"]
[WhiteElo "2491"]
[BlackElo "2207"]
[PlyCount "75"]
[EventDate "2002.??.??"]
[Source "CFC"]
[SourceDate "2003.04.??"]

1. c4 e5 2. Nc3 Nc6 3. g3 f5 4. Bg2 Nf6 5. e3 d5 6. Nxd5 Nxd5 7. cxd5 Nb4 8. d3
Nxd5 9. a3 c6 10. Nf3 Bd6 11. O-O O-O 12. e4 Nc7 13. Ng5 Qe7 14. exf5 Rxf5 15.
Ne4 Be6 16. Re1 h6 17. Bd2 Nb5 18. Rc1 Bd5 19. Qg4 Bxe4 20. Bxe4 Rf6 21. Be3
Kh8 22. a4 Nc7 23. d4 Qe6 24. Qh5 Qf7 25. Qxf7 Rxf7 26. dxe5 Bxe5 27. b4 a6 28.
Bc5 Bf6 29. Rcd1 g5 30. Bg6 Rg7 31. Bf5 Rf7 32. Bg6 Rg7 33. Bc2 Re8 34. Rxe8+
Nxe8 35. Bf8 Rf7 36. Bxh6 Nc7 37. Bg6 Re7 38. Rd8+ 1-0

[Event "Bled ol f"]
[Site "?"]
[Date "2002.10.26"]
[Round "1"]
[White "Kagramanov, Dina"]
[Black "Khurtsidze, Nino"]
[Result "1/2-1/2"]
[WhiteElo "2088"]
[BlackElo "2455"]
[PlyCount "97"]
[EventDate "2002.??.??"]
[Source "CFC"]
[SourceDate "2003.04.??"]

1. e4 c5 2. Nf3 d6 3. d4 cxd4 4. Qxd4 a6 5. c4 Nc6 6. Qd2 Nf6 7. Nc3 g6 8. b3
Bg7 9. Bb2 O-O 10. Be2 Bg4 11. O-O Rb8 12. Rab1 Nd7 13. h3 Bxf3 14. Bxf3 Nd4
15. Bg4 Ne5 16. Ne2 Ne6 17. Nd4 Nxd4 18. Bxd4 Nc6 19. Bxg7 Kxg7 20. Qc3+ e5 21.
f4 Nd4 22. Kh1 h5 23. fxe5 dxe5 24. Bxh5 Rh8 25. Bg4 Qh4 26. Qa5 Rbe8 27. Qd5
Re7 28. Qd6 Ne6 29. Rbd1 Rh6 30. Qd2 Nd4 31. Qe3 Re8 32. Rf2 Rhh8 33. Be2 Re7
34. c5 Rc8 35. b4 Nc2 36. Qf3 Nd4 37. Qe3 Nc2 38. Qf3 Nxb4 39. Bc4 Nc6 40. g3
Qh7 41. Bxf7 Qxh3+ 42. Kg1 Re6 43. Rh2 Qxh2+ 44. Kxh2 Rf6 45. Qg4 Rh8+ 46. Kg2
Rxf7 47. Rd2 Rff8 48. Rf2 Rxf2+ 49. Kxf2 1/2-1/2

[Event "Bled ol f"]
[Site "?"]
[Date "2002.??.??"]
[Round "4"]
[White "Khaziyeva, Dinara"]
[Black "Hallaeva, Bahar"]
[Result "1/2-1/2"]
[WhiteElo "2102"]
[BlackElo "2163"]
[PlyCount "108"]
[EventDate "2002.??.??"]
[Source "CFC"]
[SourceDate "2003.04.??"]

1. c4 e5 2. g3 Nf6 3. Bg2 Nc6 4. d3 Bb4+ 5. Nc3 O-O 6. a3 Bxc3+ 7. bxc3 Ne7 8.
e4 c6 9. Nf3 d5 10. Nxe5 dxe4 11. d4 Ng6 12. Nxg6 fxg6 13. O-O Be6 14. Qa4 Qd7
15. c5 Bh3 16. Qc4+ Kh8 17. Qe2 Rae8 18. Bf4 Bxg2 19. Kxg2 Nd5 20. Bd2 Rf3 21.
Rac1 Qg4 22. Rce1 Qf5 23. Rc1 g5 24. c4 Nf6 25. Rc3 g4 26. Be3 Ng8 27. Rb3 Qc8
28. Rfb1 Rf7 29. Bf4 Nf6 30. Be5 Nd7 31. Qxg4 Nxe5 32. Qxc8 Rxc8 33. dxe5 Rcf8
34. R1b2 Rf5 35. e6 Rxc5 36. e7 Re8 37. Rxb7 Kg8 38. R2b4 a5 39. Ra4 Kf7 40.
Ra7 Rxe7 41. R7xa5 Ree5 42. Ra7+ Kf6 43. Rc7 e3 44. fxe3 Rxe3 45. Raa7 Re2+ 46.
Kf3 Rxh2 47. Rxg7 Rxc4 48. Rxh7 Rc3+ 49. Kf4 Rc4+ 50. Ke3 Rc3+ 51. Kd4 Rxh7 52.
Rxh7 Rxa3 53. Rh6+ Kg5 54. Rxc6 Rxg3 1/2-1/2

[Event "Bled ol f"]
[Site "?"]
[Date "2002.??.??"]
[Round "4"]
[White "Ovezova, Maisa"]
[Black "Kagramanov, Dina"]
[Result "1/2-1/2"]
[WhiteElo "2214"]
[BlackElo "2088"]
[PlyCount "72"]
[EventDate "2002.??.??"]
[Source "CFC"]
[SourceDate "2003.04.??"]

1. d4 d5 2. e3 c6 3. Bd3 Nf6 4. Nd2 Bg4 5. Ngf3 Nbd7 6. O-O e5 7. dxe5 Nxe5 8.
Be2 Qc7 9. b3 Bd6 10. h3 Nxf3+ 11. Nxf3 h5 12. Bb2 Rh6 13. Re1 Bxf3 14. Bxf3
O-O-O 15. Bxf6 gxf6 16. Bxh5 Bh2+ 17. Kf1 Be5 18. Bg4+ Kb8 19. Rb1 Bc3 20. Re2
Rg8 21. f3 Qh2 22. Rf2 Rhg6 23. Ke2 f5 24. Qd3 fxg4 25. Qxc3 gxf3+ 26. gxf3
Qxh3 27. Qe5+ Ka8 28. Rbf1 Re6 29. Qf4 Rge8 30. Kd2 Qh8 31. Qd4 Qh6 32. Re1 Qg5
33. Rfe2 Qe7 34. b4 Rf6 35. Rf2 Re6 36. Rfe2 Rf6 1/2-1/2

[Event "Bled ol f"]
[Site "?"]
[Date "2002.??.??"]
[Round "4"]
[White "Starr, Nava"]
[Black "Geldyeva, Mekhri"]
[Result "1-0"]
[WhiteElo "2207"]
[BlackElo "2265"]
[PlyCount "55"]
[EventDate "2002.??.??"]
[Source "CFC"]
[SourceDate "2003.04.??"]

1. e4 c5 2. Nc3 e6 3. f4 d5 4. Bb5+ Nc6 5. Nf3 d4 6. Bxc6+ bxc6 7. Ne2 Bd6 8.
d3 Bc7 9. O-O Nf6 10. b3 Bb6 11. Ne5 Bb7 12. Ng3 h5 13. Qf3 Qe7 14. a4 Bc7 15.
Nc4 Ba6 16. e5 Nd5 17. Ba3 f5 18. Ne2 g5 19. fxg5 Qxg5 20. Rf2 O-O-O 21. Bxc5
Qg6 22. Bxd4 Rhg8 23. Re1 c5 24. Bxc5 Bb7 25. Qh3 Kb8 26. Nd6 Bc6 27. c4 Nb6
28. Nf4 1-0

[Event "Bled ol f"]
[Site "?"]
[Date "2002.??.??"]
[Round "5"]
[White "Turauskiene, Renata"]
[Black "Starr, Nava"]
[Result "1-0"]
[WhiteElo "2198"]
[BlackElo "2207"]
[PlyCount "71"]
[EventDate "2002.??.??"]
[Source "CFC"]
[SourceDate "2003.04.??"]

1. d4 Nf6 2. c4 c5 3. d5 g6 4. Nc3 Bg7 5. e4 d6 6. Nf3 O-O 7. Be2 Na6 8. h3 Nc7
9. Bf4 a6 10. a4 b6 11. O-O Rb8 12. e5 Nfe8 13. Qd2 Bd7 14. Bh6 dxe5 15. Bxg7
Kxg7 16. Nxe5 Nd6 17. Bg4 Be8 18. b3 f6 19. Nd3 h5 20. Bd1 e5 21. dxe6 Nxe6 22.
Nd5 Nd4 23. a5 Ne4 24. Qf4 Ng5 25. axb6 Rxb6 26. Nxb6 Qxb6 27. b4 Qe6 28. Qc7+
Bf7 29. Nxc5 Qxc4 30. Rxa6 Qxb4 31. h4 Nb5 32. Qe7 Qxh4 33. Qxf6+ Kg8 34. Nd7
Re8 35. Ra5 Nf3+ 36. Qxf3 1-0

[Event "Bled ol f"]
[Site "?"]
[Date "2002.??.??"]
[Round "5"]
[White "Zaksaite, Salomeja"]
[Black "Benggawan, Amanda"]
[Result "1-0"]
[WhiteElo "2225"]
[BlackElo "2046"]
[PlyCount "49"]
[EventDate "2002.??.??"]
[Source "CFC"]
[SourceDate "2003.04.??"]

1. e4 c5 2. Nf3 e6 3. d4 cxd4 4. Nxd4 a6 5. Bd3 Nf6 6. O-O Qc7 7. Qe2 d6 8. c4
g6 9. Nb3 Bg7 10. h3 Nc6 11. Bf4 Nd7 12. c5 e5 13. cxd6 Qxd6 14. Bd2 O-O 15.
Nc3 Nf6 16. Rfd1 Be6 17. Bc4 Bxc4 18. Qxc4 Rfd8 19. Bg5 Qe6 20. Nd5 Re8 21. Nc5
Qc8 22. Nxf6+ Bxf6 23. Bxf6 Na5 24. Qd5 Nc6 25. Qd2 1-0

[Event "Bled ol f"]
[Site "?"]
[Date "2002.??.??"]
[Round "6"]
[White "Khaziyeva, Dinara"]
[Black "Karmen, Orel"]
[Result "0-1"]
[WhiteElo "2102"]
[BlackElo "1917"]
[PlyCount "70"]
[EventDate "2002.??.??"]
[Source "CFC"]
[SourceDate "2003.04.??"]

1. c4 b6 2. Nf3 Bb7 3. d4 e6 4. g3 Nf6 5. Bg2 Bb4+ 6. Bd2 Bxd2+ 7. Nbxd2 d6 8.
O-O Nbd7 9. Qc2 O-O 10. e4 Qe7 11. d5 Ng4 12. Nd4 Qf6 13. Qc3 Nc5 14. a4 e5 15.
Ne2 Qh6 16. h3 Nf6 17. b4 Ncd7 18. f4 a5 19. b5 exf4 20. gxf4 Rae8 21. Ng3 g6
22. Rae1 Nh5 23. Nxh5 Qxh5 24. Nf3 Nc5 25. Qc2 Bc8 26. Kh2 Re7 27. Nd2 Rfe8 28.
f5 Bxf5 29. Rxf5 gxf5 30. Bf3 Qh6 31. Rg1+ Kf8 32. Qc3 Re5 33. Bh1 Qf4+ 34. Rg3
Nxa4 35. Qa1 Qxd2+ 0-1

[Event "Bled ol f"]
[Site "?"]
[Date "2002.??.??"]
[Round "6"]
[White "Starr, Nava"]
[Black "Mihevc Mohr, Narcisa"]
[Result "0-1"]
[WhiteElo "2207"]
[BlackElo "2114"]
[PlyCount "58"]
[EventDate "2002.??.??"]
[Source "CFC"]
[SourceDate "2003.04.??"]

1. e4 c5 2. Nc3 Nc6 3. f4 e6 4. Nf3 d5 5. Bb5 a6 6. Bxc6+ bxc6 7. d3 Rb8 8. O-O
g6 9. Qe1 Bg7 10. Kh1 Ne7 11. Na4 c4 12. dxc4 dxe4 13. Qxe4 Qa5 14. Nc3 c5 15.
Ne5 Bb7 16. Qe2 Nf5 17. Ne4 Qc7 18. Bd2 Nd4 19. Qd3 f6 20. Nf3 Rd8 21. Qe3 Bxe4
22. Qxe4 Nxf3 23. Rxf3 Rxd2 24. Qxe6+ Qe7 25. Qxa6 O-O 26. f5 Re8 27. h3 Rxc2
28. b3 Qe2 29. Rg3 Qe5 0-1